[Event "GER-ch U16"]
[Site "Oberhof"]
[Date "2011.06.17"]
[Round "8"]
[White "Gibicar, Danijel"]
[Black "Titgemeyer, Sven"]
[Result "1-0"]
[WhiteElo "2037"]
[BlackElo "2028"]
[PlyCount "107"]
[EventDate "2011.06.11"]
[EventType "swiss"]
[EventRounds "9"]
[EventCountry "GER"]
[SourceTitle "CBM 142 Extra"]
[Source "ChessBase"]
[SourceDate "2011.06.27"]
[SourceVersion "1"]
[SourceVersionDate "2011.06.27"]
[SourceQuality "1"]

1. d4 Nf6 2. c4 c5 3. d5 b5 4. cxb5 a6 5. bxa6 Bxa6 6. Nc3 d6 7. g3 g6 8. Bg2 Nbd7 9. Rb1 Qa5 10. Bd2 Bg7 11. Nf3 0-0 12. 0-0 Rfb8 13. Qc2 Qc7 14. b3 Nb6 15. Ng5 Qb7 16. Rfe1 h6 17. Nh3 Nbxd5 18. Nxd5 Nxd5 19. Nf4 e6 20. Nxd5 exd5 21. Rbd1 Bb5 22. Bf4 Rd8 23. Bxd5 Bc6 24. e4 Bxd5 25. Rxd5 Qa6 26. Re2 g5 27. Be3 Rac8 28. Red2 c4 29. bxc4 Rxc4 30. Qd3 Rc1+ 31. Kg2 Qa8 32. Bd4 Rc6 33. Bxg7 Kxg7 34. Qd4+ Kg6 35. Rf5 d5 36. Rxd5 Re8 37. Rd6+ Rxd6 38. Qxd6+ Re6 39. Qd5 Qa4 40. f3 Qa3 41. Qb3 Qxb3 42. axb3 Rb6 43. Rb2 Rb4 44. Kf2 f5 45. exf5+ Kxf5 46. Ke3 h5 47. Kd3 h4 48. Kc3 Rb8 49. b4 Ke5 50. b5 hxg3 51. hxg3 Kd5 52. b6 Rf8 53. b7 Rxf3+ 54. Kc2 1-0

[Event "GER-ch U16"]
[Site "Oberhof"]
[Date "2011.06.16"]
[Round "7"]
[White "Titgemeyer, Sven"]
[Black "Stanau, Guido"]
[Result "1-0"]
[WhiteElo "2028"]
[BlackElo "1994"]
[PlyCount "127"]
[EventDate "2011.06.11"]
[EventType "swiss"]
[EventRounds "9"]
[EventCountry "GER"]
[SourceTitle "CBM 142 Extra"]
[Source "ChessBase"]
[SourceDate "2011.06.27"]
[SourceVersion "1"]
[SourceVersionDate "2011.06.27"]
[SourceQuality "1"]

1. e4 c5 2. Nf3 d6 3. d4 cxd4 4. Nxd4 Nf6 5. Nc3 g6 6. Be3 Bg7 7. f3 0-0 8. Qd2 Nc6 9. g4 Qa5 10. 0-0-0 Rd8 11. h4 Nxd4 12. Bxd4 e5 13. Be3 Be6 14. Kb1 d5 15. Nxd5 Rxd5 16. exd5 Qxd2 17. Bxd2 Bxd5 18. Be2 e4 19. fxe4 Nxe4 20. Be1 Bc6 21. Rh3 Re8 22. Rhd3 Nc3+ 23. Bxc3 Bxc3 24. Rd8 Bf6 25. Rxe8+ Bxe8 26. g5 Be7 27. Bf3 b6 28. c4 h6 29. Rg1 Bd7 30. Kc2 hxg5 31. hxg5 Bc5 32. Rg2 Bf5+ 33. Kc3 f6 34. gxf6 Kf7 35. Rh2 a5 36. a3 Kxf6 37. b4 axb4+ 38. axb4 Bd6 39. Rh1 Kg5 40. c5 bxc5 41. b5 Kf4 42. Bc6 Be6 43. b6 Be5+ 44. Kd2 c4 45. b7 c3+ 46. Kc1 Bf5 47. Rh8 g5 48. Rf8 Kg4 49. Bf3+ Kf4 50. Be4 Kxe4 51. Re8 Kd4 52. Rxe5 Kxe5 53. b8Q+ Ke4 54. Qb4+ Kf3 55. Qxc3+ Kf4 56. Kd2 Be4 57. Qe3+ Kf5 58. Kc3 g4 59. Kd4 Bf3 60. Qe5+ Kg6 61. Qf4 Kh5 62. Ke3 Kh4 63. Kf2 Kh5 64. Kg3 1-0

[Event "GER-ch U16"]
[Site "Oberhof"]
[Date "2011.06.14"]
[Round "4"]
[White "Mueller, Nick"]
[Black "Titgemeyer, Sven"]
[Result "0-1"]
[WhiteElo "1958"]
[BlackElo "2028"]
[PlyCount "63"]
[EventDate "2011.06.11"]
[EventType "swiss"]
[EventRounds "9"]
[EventCountry "GER"]
[SourceTitle "CBM 142 Extra"]
[Source "ChessBase"]
[SourceDate "2011.06.27"]
[SourceVersion "1"]
[SourceVersionDate "2011.06.27"]
[SourceQuality "1"]

1. e4 e5 2. Nf3 Nc6 3. Bb5 a6 4. Ba4 Nf6 5. 0-0 Be7 6. Re1 b5 7. Bb3 0-0 8. c3 d5 9. exd5 Nxd5 10. Nxe5 Nxe5 11. Rxe5 c6 12. d4 Bd6 13. Re1 Qh4 14. g3 Qh3 15. Be3 Bg4 16. Qd3 f5 17. f4 g5 18. Qf1 Qh5 19. Nd2 Kh8 20. Bxd5 cxd5 21. a4 Rae8 22. axb5 axb5 23. fxg5 Rxe3 24. Rxe3 f4 25. Rf3 Bxf3 26. Qxf3 Qxg5 27. g4 Rg8 28. h3 h5 29. Nf1 hxg4 30. hxg4 Qxg4+ 31. Qxg4 Rxg4+ 32. Kf2 0-1

[Event "GER-ch Net final U18"]
[Site "Playchess.com INT"]
[Date "2011.05.18"]
[Round "4"]
[White "Braun, Georg"]
[Black "Titgemeyer, Sven"]
[Result "1-0"]
[WhiteElo "1924"]
[BlackElo "2004"]
[PlyCount "99"]
[EventDate "2011.05.18"]
[EventType "swiss (blitz)"]
[EventRounds "9"]
[EventCountry "GER"]
[SourceTitle "CBM 142 Extra"]
[Source "ChessBase"]
[SourceDate "2011.06.27"]
[SourceVersion "1"]
[SourceVersionDate "2011.06.27"]
[SourceQuality "1"]

1. e4 e5 2. Nf3 Nc6 3. Bb5 a6 4. Ba4 Nf6 5. 0-0 Be7 6. Re1 0-0 7. Bxc6 dxc6 8. Nxe5 Re8 9. Nf3 Bf8 10. d3 g6 11. Nbd2 Bg7 12. Nf1 Nd7 13. Ng3 Ne5 14. Nxe5 Bxe5 15. c3 Bg7 16. d4 b6 17. Be3 Bb7 18. Qd2 Qe7 19. Bh6 Bh8 20. Bg5 Qd7 21. Rad1 f6 22. Be3 Rad8 23. Qc2 Qf7 24. b3 Bg7 25. Qe2 Re7 26. h4 Rde8 27. Qf3 Qe6 28. h5 Qd7 29. c4 Qc8 30. d5 cxd5 31. exd5 Qd7 32. Rf1 Rd8 33. hxg6 hxg6 34. Qf4 b5 35. Bc5 Re5 36. Bd4 Re7 37. Rfe1 Rde8 38. Rxe7 Qxe7 39. Qg4 Kf7 40. Ba1 Rd8 41. Qd4 bxc4 42. bxc4 c5 43. Qf4 Qe8 44. Ne4 Qe7 45. Ng5+ Kg8 46. Ne6 Qxe6 47. dxe6 Rxd1+ 48. Kh2 Rxa1 49. Qb8+ Kh7 50. Qxb7 1-0

[Event "GER-ch Net final U18"]
[Site "Playchess.com INT"]
[Date "2011.05.18"]
[Round "7"]
[White "Florstedt, Johannes"]
[Black "Titgemeyer, Sven"]
[Result "0-1"]
[WhiteElo "1972"]
[BlackElo "2004"]
[PlyCount "142"]
[EventDate "2011.05.18"]
[EventType "swiss (blitz)"]
[EventRounds "9"]
[EventCountry "GER"]
[SourceTitle "CBM 142 Extra"]
[Source "ChessBase"]
[SourceDate "2011.06.27"]
[SourceVersion "1"]
[SourceVersionDate "2011.06.27"]
[SourceQuality "1"]

1. e4 e5 2. f4 exf4 3. Bc4 Qh4+ 4. Kf1 Nf6 5. Nc3 Nc6 6. d4 d6 7. Nf3 Qh6 8. g3 Qh3+ 9. Kg1 fxg3 10. Bxf7+ Kd8 11. Ng5 gxh2+ 12. Rxh2 Qg4+ 13. Qxg4 Nxg4 14. Bd5 Nxh2 15. Nf7+ Ke7 16. Kxh2 Be6 17. Nxh8 Nxd4 18. Bg5+ Kd7 19. Nf7 Bxf7 20. Bxf7 Nf3+ 21. Kg3 Nxg5 22. Bc4 Re8 23. Bd3 Be7 24. Nd5 c6 25. Nf4 Bf6 26. Re1 Ne6 27. Ng2 Bxb2 28. Rb1 Be5+ 29. Kf3 Nc5 30. Ne3 Rf8+ 31. Ke2 Bd4 32. Nf5 Be5 33. Rh1 h6 34. Rg1 Ne6 35. Rb1 Nf4+ 36. Ke3 Nxd3 37. cxd3 b5 38. d4 Bf6 39. a4 a6 40. axb5 axb5 41. Ra1 Rc8 42. Kf4 c5 43. e5 dxe5+ 44. dxe5 Bg5+ 45. Ke4 g6 46. Rd1+ Ke6 47. Ng7+ Kf7 48. Rd7+ Be7 49. e6+ Kxg7 50. Rxe7+ Kf6 51. Rb7 Kxe6 52. Rb6+ Kf7 53. Rb7+ Kf6 54. Rb6+ Kg5 55. Rxb5 Kh5 56. Kf4 g5+ 57. Kf5 c4 58. Rb1 Rc5+ 59. Ke4 c3 60. Rc1 c2 61. Kf3 g4+ 62. Kf4 Rc4+ 63. Kg3 Kg5 64. Kf2 h5 65. Ke2 h4 66. Kf2 h3 67. Kg3 Rc3+ 68. Kh2 Kh4 69. Rg1 g3+ 70. Kh1 c1Q 71. Rxc1 Rxc1# 0-1

[Event "GER-ch Net final U18"]
[Site "Playchess.com INT"]
[Date "2011.05.18"]
[Round "1"]
[White "Goebel, Constantin"]
[Black "Titgemeyer, Sven"]
[Result "0-1"]
[WhiteElo "2224"]
[BlackElo "2004"]
[PlyCount "118"]
[EventDate "2011.05.18"]
[EventType "swiss (blitz)"]
[EventRounds "9"]
[EventCountry "GER"]
[SourceTitle "CBM 142 Extra"]
[Source "ChessBase"]
[SourceDate "2011.06.27"]
[SourceVersion "1"]
[SourceVersionDate "2011.06.27"]
[SourceQuality "1"]

1. e4 e5 2. Nf3 Nc6 3. Bb5 a6 4. Ba4 Nf6 5. 0-0 Be7 6. Re1 b5 7. Bb3 0-0 8. h3 d6 9. c3 Na5 10. Bc2 c5 11. d4 Qc7 12. Nbd2 Ne8 13. Nf1 g6 14. Ng3 Ng7 15. Bh6 Nc6 16. d5 Nd8 17. Nh2 f6 18. Be3 Nf7 19. Ng4 f5 20. exf5 gxf5 21. Nh6+ Nxh6 22. Bxh6 f4 23. Nh5 Bf6 24. Nxf6+ Rxf6 25. Bg5 Rf8 26. a4 Rb8 27. axb5 axb5 28. f3 Bf5 29. Be4 Bxe4 30. fxe4 Kh8 31. Qf3 b4 32. c4 Ra8 33. Qg4 Qf7 34. Bh6 Rg8 35. Qh4 Rxa1 36. Rxa1 Qg6 37. Ra7 Nh5 38. g4 Qxh6 39. Kf2 f3 40. Qxh5 Qxh5 41. gxh5 Rg2+ 42. Kxf3 Rxb2 43. h6 Kg8 44. Kg4 Rc2 45. Kg5 b3 46. Rb7 Rxc4 47. Kf6 Rb4 48. Rg7+ Kh8 49. Rg1 b2 50. Rb1 c4 51. Ke6 c3 52. Rf1 Rb8 53. Kxd6 b1Q 54. Rxb1 Rxb1 55. Kxe5 c2 56. d6 c1Q 57. d7 Qc7+ 58. Ke6 Rb6+ 59. Ke7 Qd6+ 0-1

[Event "GER-ch Net final U18"]
[Site "Playchess.com INT"]
[Date "2011.05.18"]
[Round "8"]
[White "Titgemeyer, Sven"]
[Black "Padva, Leo"]
[Result "1/2-1/2"]
[WhiteElo "2004"]
[BlackElo "1640"]
[PlyCount "134"]
[EventDate "2011.05.18"]
[EventType "swiss (blitz)"]
[EventRounds "9"]
[EventCountry "GER"]
[SourceTitle "CBM 142 Extra"]
[Source "ChessBase"]
[SourceDate "2011.06.27"]
[SourceVersion "1"]
[SourceVersionDate "2011.06.27"]
[SourceQuality "1"]

1. e4 c5 2. Nf3 d6 3. d4 cxd4 4. Nxd4 Nf6 5. Nc3 Nc6 6. Be3 e5 7. Ndb5 a6 8. Na3 b5 9. Nd5 Rb8 10. Nxf6+ Qxf6 11. c3 Qg6 12. f3 Be7 13. Nc2 Be6 14. Qd2 0-0 15. Bd3 Bd8 16. 0-0 Bb6 17. Bxb6 Rxb6 18. Be2 Ne7 19. Ne3 Rd8 20. Rad1 Bxa2 21. c4 Bb3 22. Rc1 bxc4 23. Bxc4 Bxc4 24. Nxc4 Rb5 25. Rfd1 d5 26. Nxe5 Qd6 27. Ng4 f5 28. Ne3 Qb6 29. Kh1 fxe4 30. fxe4 d4 31. Nc4 Qg6 32. e5 Rd7 33. Nd6 Rxe5 34. Nc4 Rf5 35. Re1 Qf6 36. Qe2 Rc5 37. b4 Rc8 38. Rf1 d3 39. Qd2 Qe6 40. Nb2 Rxc1 41. Rxc1 Qe2 42. Rd1 Nc6 43. h3 Rf7 44. Qc3 Rf1+ 45. Rxf1 Qxf1+ 46. Kh2 Qf4+ 47. Kh1 Ne5 48. Qc8+ Qf8 49. Qe6+ Nf7 50. Nxd3 h6 51. Ne5 Kh7 52. Qxf7 Qd6 53. Qf5+ Kg8 54. Nd3 Qc6 55. Qc5 Qf6 56. Qc4+ Kh7 57. Qe4+ Kh8 58. Ne5 Qf1+ 59. Kh2 Qf6 60. Nf3 Qd6+ 61. Qe5 Qxb4 62. Qe8+ Kh7 63. Qh5 Qd6+ 64. Kh1 Qd1+ 65. Kh2 Qd6+ 66. Kh1 Qd1+ 67. Kh2 Qd6+ 1/2-1/2

[Event "GER-ch Net final U18"]
[Site "Playchess.com INT"]
[Date "2011.05.18"]
[Round "3"]
[White "Titgemeyer, Sven"]
[Black "Wenninger, Philipp"]
[Result "0-1"]
[WhiteElo "2004"]
[BlackElo "2030"]
[PlyCount "114"]
[EventDate "2011.05.18"]
[EventType "swiss (blitz)"]
[EventRounds "9"]
[EventCountry "GER"]
[SourceTitle "CBM 142 Extra"]
[Source "ChessBase"]
[SourceDate "2011.06.27"]
[SourceVersion "1"]
[SourceVersionDate "2011.06.27"]
[SourceQuality "1"]

1. e4 c6 2. d4 d5 3. exd5 cxd5 4. c4 Nf6 5. Nc3 g6 6. cxd5 Bg7 7. Qb3 0-0 8. Be2 Na6 9. Bf3 e6 10. dxe6 Bxe6 11. Qd1 Nd5 12. Nge2 Nac7 13. 0-0 a6 14. Be3 Qd6 15. Ne4 Qb6 16. Qd2 Rfe8 17. Nc5 Rad8 18. Rfd1 Nxe3 19. fxe3 Nd5 20. Nxe6 Rxe6 21. Bxd5 Rxd5 22. Nf4 Rdd6 23. Nxe6 Rxe6 24. Rac1 h5 25. Rc5 Bh6 26. Rc3 Kh7 27. Re1 Bg7 28. Rcc1 Re4 29. Qd3 f5 30. Qc3 Qe6 31. Qb3 Qd7 32. Qb6 Re7 33. Kh1 h4 34. h3 Qd5 35. Qc5 Qe4 36. Qc2 Qd5 37. Qf2 Bf6 38. b3 Kg7 39. Rc5 Qe4 40. Rec1 Qxe3 41. Qxe3 Rxe3 42. Rc7+ Kh6 43. Rxb7 Bxd4 44. Rd7 Be5 45. Ra7 f4 46. Rxa6 f3 47. gxf3 Rxf3 48. b4 Rxh3+ 49. Kg2 Rg3+ 50. Kf2 Bd4+ 51. Ke2 h3 52. b5 h2 53. Rh1 Bg1 54. a4 Rb3 55. Kf1 Kh5 56. Rxg1 Rb1+ 57. Kf2 hxg1Q+ 0-1

[Event "GER-ch Net qual4 U18"]
[Site "Playchess.com INT"]
[Date "2011.05.11"]
[Round "3"]
[White "Hahn, Markus"]
[Black "Titgemeyer, Sven"]
[Result "1-0"]
[WhiteElo "2018"]
[BlackElo "1939"]
[PlyCount "161"]
[EventDate "2011.05.11"]
[EventType "swiss (blitz)"]
[EventRounds "7"]
[EventCountry "GER"]
[SourceTitle "CBM 142 Extra"]
[Source "ChessBase"]
[SourceDate "2011.06.27"]
[SourceVersion "1"]
[SourceVersionDate "2011.06.27"]
[SourceQuality "1"]

1. d4 d5 2. c4 e6 3. Nf3 c5 4. cxd5 exd5 5. g3 Nc6 6. Bg2 Nf6 7. 0-0 Be7 8. Nc3 0-0 9. dxc5 Bxc5 10. Na4 Be7 11. Be3 b6 12. Nd4 Bb7 13. Rc1 Rc8 14. Nc3 Bc5 15. a3 Ne5 16. Bg5 Nc4 17. b4 Be7 18. Qb3 h6 19. Bxf6 Bxf6 20. Rfd1 Re8 21. e3 Qd7 22. Nce2 a6 23. a4 b5 24. axb5 axb5 25. Nc3 Bxd4 26. Rxd4 Nb6 27. Rcd1 Qe6 28. Nxd5 Nc4 29. Nf4 Qb6 30. Bxb7 Qxb7 31. Nd3 Qf3 32. Rf4 Qe2 33. Nc1 Qh5 34. Rh4 Qg6 35. Nd3 Ne5 36. Nxe5 Rxe5 37. Rhd4 Rf5 38. Rd8+ Rxd8 39. Rxd8+ Kh7 40. Rd2 Rf6 41. Qd3 Qxd3 42. Rxd3 Rc6 43. Rd5 Rc4 44. Rxb5 Rc1+ 45. Kg2 Rb1 46. Rb7 Kg6 47. b5 Kf6 48. b6 Kg6 49. g4 Kf6 50. Kg3 Rb4 51. h4 Kg6 52. Rb8 h5 53. gxh5+ Kxh5 54. b7 Kg6 55. h5+ Kf6 56. f4 Rb5 57. e4 Rb4 58. Kg4 Rb5 59. e5+ Ke7 60. Rg8 Rxb7 61. Rxg7 Rb8 62. Rg5 Rh8 63. Kf5 Rh6 64. Kg4 f6 65. Rg6 Rh8 66. Rxf6 Rg8+ 67. Rg6 Rh8 68. h6 Kf7 69. Kg5 Ra8 70. Rg7+ Kf8 71. f5 Ra1 72. Kf6 Rh1 73. Rg6 Rh3 74. e6 Rh5 75. e7+ Ke8 76. Rg8+ Kd7 77. e8Q+ Kd6 78. Qe6+ Kc7 79. Rc8+ Kb7 80. Qc6+ Ka7 81. Ra8# 1-0

[Event "GER-ch Net qual4 U18"]
[Site "Playchess.com INT"]
[Date "2011.05.11"]
[Round "6"]
[White "Titgemeyer, Sven"]
[Black "Mundorf, Johannes"]
[Result "1/2-1/2"]
[WhiteElo "1939"]
[BlackElo "1945"]
[PlyCount "58"]
[EventDate "2011.05.11"]
[EventType "swiss (blitz)"]
[EventRounds "7"]
[EventCountry "GER"]
[SourceTitle "CBM 142 Extra"]
[Source "ChessBase"]
[SourceDate "2011.06.27"]
[SourceVersion "1"]
[SourceVersionDate "2011.06.27"]
[SourceQuality "1"]

1. e4 e6 2. d4 d5 3. Nd2 Nc6 4. Ngf3 Nf6 5. e5 Nd7 6. Bd3 Nb4 7. Be2 c5 8. c3 Nc6 9. Bd3 Qb6 10. 0-0 cxd4 11. cxd4 Nxd4 12. Nxd4 Qxd4 13. Nf3 Qb6 14. Qe2 Be7 15. Bc2 Nc5 16. Be3 Qd8 17. Bxc5 Bxc5 18. Qb5+ Bd7 19. Qxc5 Rc8 20. Qxa7 Rxc2 21. Qxb7 0-0 22. Rac1 Qc8 23. Qxc8 Rfxc8 24. Rxc2 Rxc2 25. Rb1 Kf8 26. Nd4 Rd2 27. Nf3 Rc2 28. Nd4 Rd2 29. Nf3 Rc2 1/2-1/2

[Event "GER-ch Net qual4 U18"]
[Site "Playchess.com INT"]
[Date "2011.05.11"]
[Round "2"]
[White "Wagner, Dennis"]
[Black "Titgemeyer, Sven"]
[Result "0-1"]
[WhiteElo "2199"]
[BlackElo "1939"]
[PlyCount "64"]
[EventDate "2011.05.11"]
[EventType "swiss (blitz)"]
[EventRounds "7"]
[EventCountry "GER"]
[SourceTitle "CBM 142 Extra"]
[Source "ChessBase"]
[SourceDate "2011.06.27"]
[SourceVersion "1"]
[SourceVersionDate "2011.06.27"]
[SourceQuality "1"]

1. d4 d5 2. c4 e6 3. Nf3 c5 4. cxd5 exd5 5. Nc3 Nc6 6. g3 Nf6 7. Bg2 Be7 8. Bg5 cxd4 9. Nxd4 Qb6 10. Ndb5 Be6 11. Bxf6 gxf6 12. 0-0 0-0-0 13. e3 Bc5 14. a3 a6 15. b4 Bxe3 16. fxe3 Qxe3+ 17. Kh1 axb5 18. Nxb5 h5 19. Rc1 h4 20. Qa4 Kb8 21. Rc3 Qb6 22. Rfc1 hxg3 23. Rxg3 Ne5 24. Nc7 Qa7 25. Qb5 Ng4 26. Rxg4 Bxg4 27. Nxd5 Qf2 28. Qxb7+ Kxb7 29. Rc7+ Kb8 30. Rb7+ Kxb7 31. Nc3+ Kb8 32. h3 Rxh3+ 0-1

[Event "GER-ch Net qual2 U18"]
[Site "Playchess.com INT"]
[Date "2011.05.04"]
[Round "6"]
[White "Titgemeyer, Sven"]
[Black "Pfleger, Juergen"]
[Result "1/2-1/2"]
[WhiteElo "2075"]
[BlackElo "1830"]
[PlyCount "43"]
[EventDate "2011.05.04"]
[EventType "swiss (blitz)"]
[EventRounds "7"]
[EventCountry "GER"]
[SourceTitle "CBM 142 Extra"]
[Source "ChessBase"]
[SourceDate "2011.06.27"]
[SourceVersion "1"]
[SourceVersionDate "2011.06.27"]
[SourceQuality "1"]

1. e4 d5 2. exd5 Qxd5 3. Nc3 Qa5 4. d4 e5 5. Bc4 Bb4 6. Nge2 Ne7 7. 0-0 Bg4 8. f3 Bf5 9. a3 Bxc3 10. Nxc3 0-0 11. dxe5 Qxe5 12. Bb3 Nbc6 13. Re1 Qf6 14. Be3 Qg6 15. Ne2 Rad8 16. Qc1 Na5 17. Nd4 Nxb3 18. Nxb3 Bxc2 19. Nd4 Ba4 20. Qxc7 Nd5 21. Qc4 Nb6 22. Qf1 1/2-1/2

[Event "GER-ch Net qual2 U18"]
[Site "Playchess.com INT"]
[Date "2011.05.04"]
[Round "4"]
[White "Titgemeyer, Sven"]
[Black "Von Malottki, Robin"]
[Result "1-0"]
[WhiteElo "2075"]
[BlackElo "1772"]
[PlyCount "115"]
[EventDate "2011.05.04"]
[EventType "swiss (blitz)"]
[EventRounds "7"]
[EventCountry "GER"]
[SourceTitle "CBM 142 Extra"]
[Source "ChessBase"]
[SourceDate "2011.06.27"]
[SourceVersion "1"]
[SourceVersionDate "2011.06.27"]
[SourceQuality "1"]

1. e4 c5 2. Nf3 a6 3. d4 cxd4 4. Nxd4 e5 5. Nb3 Nf6 6. Nc3 Bb4 7. Bd3 d5 8. exd5 Nxd5 9. Bd2 0-0 10. 0-0 Nxc3 11. bxc3 Bd6 12. Be3 Nc6 13. Nc5 Qe7 14. Ne4 Bc7 15. f4 f5 16. Ng3 e4 17. Bc4+ Be6 18. Bxe6+ Qxe6 19. Qe2 Rfd8 20. Rfd1 Ne7 21. a4 Nd5 22. Qc4 g6 23. Rxd5 Qxd5 24. Qxc7 Rac8 25. Qe5 Qxe5 26. fxe5 Rxc3 27. Bg5 Re8 28. Rb1 b5 29. axb5 Rxe5 30. Bf6 axb5 31. Bxe5 Rc5 32. Bd4 Rc4 33. c3 Kf7 34. Rxb5 Ke6 35. Ne2 g5 36. g3 h5 37. Kf2 Ra4 38. Ke3 Ra2 39. Rb6+ Kd5 40. Rf6 f4+ 41. gxf4 gxf4+ 42. Nxf4+ Kc4 43. Kxe4 Rxh2 44. Rh6 h4 45. Ng6 h3 46. Nf4 Rh1 47. Rxh3 Rc1 48. Nd5 Re1+ 49. Ne3+ Kb5 50. Kd5 Rg1 51. c4+ Ka6 52. c5 Kb7 53. Rh7+ Kc8 54. Nf5 Rg5 55. Kc6 Kb8 56. Rh8+ Ka7 57. Nd6 Rg7 58. Bxg7 1-0

[Event "GER-ch Net qual1 U18"]
[Site "Playchess.com INT"]
[Date "2011.05.01"]
[Round "5"]
[White "Titgemeyer, Sven"]
[Black "Koch, Marcel"]
[Result "1-0"]
[WhiteElo "2204"]
[BlackElo "1532"]
[PlyCount "25"]
[EventDate "2011.05.01"]
[EventType "swiss (blitz)"]
[EventRounds "7"]
[EventCountry "GER"]
[SourceTitle "CBM 142 Extra"]
[Source "ChessBase"]
[SourceDate "2011.06.27"]
[SourceVersion "1"]
[SourceVersionDate "2011.06.27"]
[SourceQuality "1"]

1. e4 d5 2. exd5 Qxd5 3. Nc3 Qa5 4. d4 c6 5. Bc4 Bf5 6. Bd2 e6 7. Qe2 Nd7 8. 0-0-0 Ngf6 9. d5 cxd5 10. Nxd5 Nxd5 11. Bxa5 Nf4 12. Qd2 Nd5 13. Bxd5 1-0

[Event "Oberliga NRW 1011"]
[Site "Germany"]
[Date "2010.09.26"]
[Round "1.8"]
[White "Titgemeyer, Sven"]
[Black "Winkels, Marcel"]
[Result "1/2-1/2"]
[WhiteElo "2039"]
[BlackElo "2058"]
[PlyCount "83"]
[EventDate "2010.09.26"]
[EventType "team-tourn"]
[EventRounds "9"]
[EventCountry "GER"]
[SourceTitle "EXT 2012"]
[Source "ChessBase"]
[SourceDate "2011.11.24"]
[SourceVersion "1"]
[SourceVersionDate "2011.11.24"]
[SourceQuality "1"]
[WhiteTeam "Aachen"]
[BlackTeam "Muelheim Nord II"]
[WhiteTeamCountry "GER"]
[BlackTeamCountry "GER"]

1. e4 c5 2. Nf3 Nc6 3. d4 cxd4 4. Nxd4 Nf6 5. Nc3 e5 6. Ndb5 d6 7. Bg5 a6 8. Na3 b5 9. Nd5 Be7 10. Bxf6 Bxf6 11. c3 0-0 12. Nc2 Bg5 13. a4 bxa4 14. Rxa4 a5 15. Bc4 Rb8 16. b3 Kh8 17. Nce3 g6 18. 0-0 Bd7 19. Kh1 Bh6 20. f4 exf4 21. Nxf4 Ne5 22. Ra2 Nxc4 23. Nxc4 Bb5 24. Rd2 Qc7 25. Nd5 Qc5 26. Rd4 Bg7 27. Nf6 a4 28. Rd5 Qc7 29. Rxb5 Rxb5 30. bxa4 Rc5 31. Nxd6 Rxc3 32. Nb5 Qc4 33. Nxc3 Bxf6 34. Rxf6 Qxc3 35. Rf1 Qc4 36. e5 Ra8 37. h3 Rxa4 38. Qd8+ Kg7 39. Qf6+ Kg8 40. Rd1 Ra8 41. Rd7 Re8 42. Rd8 1/2-1/2

[Event "Moehnesee Cup 36th"]
[Site "Moehnesee"]
[Date "2010.08.29"]
[Round "7"]
[White "Titgemeyer, Sven"]
[Black "Schmitz, Philipp"]
[Result "1/2-1/2"]
[WhiteElo "2039"]
[BlackElo "1913"]
[PlyCount "50"]
[EventDate "2010.08.26"]
[EventType "swiss"]
[EventRounds "7"]
[EventCountry "GER"]
[SourceTitle "EXT 2011"]
[Source "ChessBase"]
[SourceDate "2010.11.26"]
[SourceVersion "1"]
[SourceVersionDate "2010.11.26"]
[SourceQuality "1"]

1. e4 c5 2. Nf3 Nc6 3. d4 cxd4 4. Nxd4 Nf6 5. Nc3 e5 6. Ndb5 d6 7. Bg5 a6 8. Na3 b5 9. Nd5 Be7 10. Bxf6 Bxf6 11. c3 Bg5 12. Nc2 0-0 13. a4 bxa4 14. Rxa4 Ne7 15. Bc4 a5 16. 0-0 Bd7 17. Ra1 Kh8 18. Nce3 Nxd5 19. Bxd5 Rb8 20. Nc4 Bb5 21. b3 f5 22. exf5 Rxf5 23. Qc2 Rf6 24. Nxa5 Bxf1 25. Nc6 Ra8 1/2-1/2